• 首页
  • 本馆介绍
  • 公告通知
  • 最新文献
  • 馆藏检索
  • 电子资源
  • 读者导购
  • 参考咨询
  • 我的图书馆
  • 登录
  • 详细信息显示
  • 放入我的书架
  • 预约/预借图书
  • 作者相关作品
  • 分类相关作品
  • 丛书相关作品
  • 出版社相关作品

书目信息

  • 表格格式
  • 工作单格式
  • 卡片格式
题名:
可编程控制器应用项目化教程
    
 
作者: 李世一 , 解淑英 , 董刚 主编
分册:  
出版信息: 北京   航空工业出版社  2013.9
页数: 231页
开本: 26cm
丛书名:
单 册:
中图分类: TP332.3
科图分类:
主题词: 可编程序控制器--高等职业教育--教材 , 可编程序控制器
电子资源:
ISBN: 978-7-5165-0251-8
000 01380nam0 2200289 450
001 0400002708
005 20171021133018.0
010    @a978-7-5165-0251-8@dCNY32.00
090    @aTP33@blsy
100    @a20140429e20172013em y0chiy50 ea
101 0  @achi
102    @aCN@b110000
105    @aa z 000yy
106    @ar
200 1  @a可编程控制器应用项目化教程@9ke bian cheng kong zhi qi ying yong xiang mu hua jiao cheng@f李世一,解淑英,董刚主编
210    @a北京@c航空工业出版社@d2013.9@h2017.2
215    @a231页@c图@d26cm
300    @a高等职业教育“十二五”规划教材
330    @a本书共有5个项目,分别是传送带顺序启停控制,组合钻床孔加工控制,八站小车呼叫系统控制,物料传送带变频控制系统,自动化生产线控制系统,下设电动机点动控制、电动机长动控制、电动机正反转控制、三种液体混合控制、自动门控制系统、交通灯控制系统、算术运算、倒计时时钟、霓虹灯控制、变频器实现电动机点动控制、龙门刨床主轴电机多段速控制、PLC触摸屏监控电动机12个实施任务,知识涵盖了PLC的组成、工作原理、编程工具、指令系统,传感器,PLC与变频器的综合应用。触摸屏及其调试软件,PLC、变频器、触摸屏的通信及其工程应用。
606 0  @a可编程序控制器@x高等职业教育@j教材
606 0  @a可编程序控制器
690    @aTP332.3@v5
701  0 @a李世一@9li shi yi@4主编
701  0 @a解淑英@9xie shu ying@4主编
701  0 @a董刚@9dong gang@4主编
801  0 @aCN@bNLC@c20171021
905    @b1021768-72@dTP332.3@f5@e149
    
    可编程控制器应用项目化教程/李世一,解淑英,董刚主编.-北京:航空工业出版社,2013.9(2017.2)
    231页:图;26cm
    高等职业教育“十二五”规划教材
    
    ISBN 978-7-5165-0251-8:CNY32.00
    本书共有5个项目,分别是传送带顺序启停控制,组合钻床孔加工控制,八站小车呼叫系统控制,物料传送带变频控制系统,自动化生产线控制系统,下设电动机点动控制、电动机长动控制、电动机正反转控制、三种液体混合控制、自动门控制系统、交通灯控制系统、算术运算、倒计时时钟、霓虹灯控制、变频器实现电动机点动控制、龙门刨床主轴电机多段速控制、PLC触摸屏监控电动机12个实施任务,知识涵盖了PLC的组成、工作原理、编程工具、指令系统,传感器,PLC与变频器的综合应用。触摸屏及其调试软件,PLC、变频器、触摸屏的通信及其工程应用。
●
相关链接 在E读中查询图书 在五车中查询图书 在当当中查询图书 在豆瓣中查询图书


正题名:可编程控制器应用项目化教程     索取号:TP332.3/149         预约/预借

序号 登录号 条形码 馆藏地/架位号 状态 备注
1 1021768   210217683   第二样本阅览室/ [索取号:TP332.3/149] 在馆    
2 1021769   210217692   密集书库—计算机科学学院/ [索取号:TP332.3/149] 在馆    
3 1021770   210217709   第三借阅区/ [索取号:TP332.3/149] 在馆    
4 1021771   210217718   第三借阅区/ [索取号:TP332.3/149] 在馆    
5 1021772   210217727   第三借阅区/ [索取号:TP332.3/149] 在馆    
唐山师范学院图书馆 欢迎您!
大连网信软件有限公司© 版权所有